00385pab a2200133 454500008004000000100001900040245008500059260000900144300001300153362001200166650004100178650001900219773001300238180718b1982 xxu||||| |||| 00| 0 eng d aBanerjee, T.K. aWater pricing: With reference to the Calcutta Metropolitan District: A rejoinder c1982 ap.96-99. aJul-Sep aDrinking water - India - West Bengal aDrinking water aNagarlok